Der "Papyrus Schmitt" (Berlin P. 3057) : ein funeräres Ritualbuch der ägyptischen Spätzeit /

محفوظ في:

المؤلف الرئيسي: Backes, Burkhard. (مؤلف)

التنسيق: كتاب

اللغة: German
Ancient Egyptian

سلاسل: Agyptische und orientalische papyri und handschriften des agyptischen museum und papyrussammlung berlin ; 4.
AOP ; 4.

الموضوعات:

الوسوم: إضافة وسم

لا توجد وسوم, كن أول من يضع وسما على هذه التسجيلة!

رقم الطلب: PJ1681 .S415 v.1-2

LEADER 01475namaa2200313 4500
003 OSt
005 20200322145741.0
008 130303s2016 gw ah g b 001 0 ger d
952 |0 0  |1 0  |2 lcc  |3 V.1  |4 0  |6 PJ1681 S415 V.00001-00002  |7 1  |9 364  |a ARCE  |b ARCE  |d 2020-03-09  |l 0  |o PJ1681 .S415 v.1-2  |p 1002288  |r 2020-03-09 00:00:00  |w 2020-03-09  |y BK 
952 |0 0  |1 0  |2 lcc  |3 V.2  |4 0  |6 PJ1681 S415 V.00001-00002  |7 1  |9 61057  |a ARCE  |b ARCE  |d 2024-02-04  |l 0  |o PJ1681 .S415 v.1-2  |p 1002289  |r 2024-02-04 00:00:00  |w 2024-02-04  |y BK 
999 |c 1298  |d 1298 
010 |a 2016003799 
020 |a 9783110414486 
040 |c ARCE Library 
041 1 |a ger  |a egy  |h egy 
050 0 4 |a PJ1681 .S415 v.1-2 
100 1 |a Backes, Burkhard.   |e author  |9 25990 
245 1 4 |a Der "Papyrus Schmitt" (Berlin P. 3057) :  |b ein funeräres Ritualbuch der ägyptischen Spätzeit /  |c Burkhard Backes. 
264 1 |a Berlin :  |b de Gruyter,  |c 2016. 
300 |a 2 volumes :  |b illustrations, facsimiles ;  |c 31 cm. 
490 1 |a Agyptische und orientalische papyri und handschriften des agyptischen museum und papyrussammlung berlin ;  |v 4 
490 1 |a AOP ;   |v 4. 
504 |a Includes bibliographical references (volume 2, pages 946-972) and indexes. 
630 0 0 |a Papyrus Schmitt. 
650 0 |a Egyptian language  |v Papyri, Hieratic. 
650 0 |a Religious literature, Egyptian. 
830 0 |a Agyptische und orientalische papyri und handschriften des agyptischen museum und papyrussammlung berlin ;  |v 4. 
830 0 |a AOP ;   |v 4. 
942 |c BK  |2 lcc